Memoria del Instituto Provincial de Segunda Enseñanza de Vitoria (Record no. 156034)

MARC details
000 -LEADER
campo de control de longitud fija 00938nam a22001935i 4500
001 - NÚMERO DE CONTROL
campo de control 156034
003 - IDENTIFICADOR DE NÚMERO DE CONTROL
campo de control ES-MaACL
005 - FECHA Y HORA DE LA ÚLTIMA TRANSACCIÓN
campo de control 20230906210311.0
008 - DATOS DE LONGITUD FIJA--INFORMACIÓN GENERAL
campo de control de longitud fija 051019s1878 sp ae | |||||||| ||spa d
040 ## - FUENTE DE CATALOGACIÓN
Centro catalogador/agencia de origen CAM
Lengua de catalogación spa
Centro/agencia transcriptor CAM
110 2# - ENTRADA PRINCIPAL--NOMBRE DE ENTIDAD CORPORATIVA
Nombre de entidad corporativa o nombre de jurisdicción como elemento de entrada Instituto Provincial de Segunda Enseñanza de Vitoria.
9 (RLIN) 134539
245 10 - MENCIÓN DEL TÍTULO
Título Memoria del Instituto Provincial de Segunda Enseñanza de Vitoria
Resto del título : leída en la solemne apertura del curso de 1878 á 1879 /
Mención de responsabilidad, etc. por A. Burrieza y Bratos.
260 ## - PUBLICACIÓN, DISTRIBUCIÓN, ETC.
Lugar de publicación, distribución, etc. Vitoria :
Nombre del editor, distribuidor, etc. [s.n.],
Fecha de publicación, distribución, etc. 1878 (
Fabricante Imprenta de la Diputación Provincial)
300 ## - DESCRIPCIÓN FÍSICA
Extensión 20, [112] p., [1] h. de plan. ;
Dimensiones 21 cm.
599 ## - NOTA A LAS ILUSTRACIONES
NOTA A LAS ILUSTRACIONES La h. de plan., "Planta del Instituto de 2ª Enseñanza de Vitoria"
610 24 - PUNTO DE ACCESO ADICIONAL DE MATERIA--NOMBRE DE ENTIDAD CORPORATIVA
Nombre de entidad corporativa o nombre de jurisdicción como elemento de entrada Instituto Provincial de Segunda Enseñanza de Vitoria-
Subdivisión general Memorias.
9 (RLIN) 145013
700 1# - ENTRADA AGREGADA--NOMBRE PERSONAL
Nombre de persona Burrieza y Bratos, Antolín.
9 (RLIN) 32775
852 ## - LOCALIZACIÓN
Ubicación ES-MaACL
Número de control de estantería T-338-F-5
Nota libre -- Enc. hol., falto de la cub. original
-- -- Enc. en un vol. facticio
Holdings
Estatus retirado Estado de pérdida Estado de daño No para préstamo Colección Biblioteca de origen Biblioteca actual Ubicación en estantería Fecha de adquisición Total de préstamos Signatura topográfica completa Código de barras Visto por última vez Precio de reemplazo Tipo de ítem Koha
        Colección de folletos Biblioteca del Ateneo de Madrid Biblioteca del Ateneo de Madrid Depósito folletos 17/01/2008   T-338-F-5 1163239 23/02/2023 23/02/2023 Folleto